Score 0/20 Timer 02:00
0 Plays Today
Movie Title Missing Word % Correct
____ the 13thFriday
99%
A Nightmare on ____ StreetElm
99%
Texas ____ MassacreChainsaw
97.2%
The Silence of the ____Lambs
95.3%
Dawn of the ____Dead
95.2%
The ____ Witch ProjectBlair
93.4%
____ of the Living DeadNight
89.9%
The Amityville ____Horror
86.1%
____ of FrankensteinBride
78.9%
28 Days ____Later
78.7%
Movie Title Missing Word % Correct
Invasion of the ____ SnatchersBody
76.6%
Rosemary's ____Baby
73.7%
Interview with the ____Vampire
72.2%
An American Werewolf in ____London
71.9%
Final ____Destination
71.7%
____ SemataryPet
69.1%
Village of the ____Damned
49.1%
Army of ____Darkness
33.4%
White ____Zombie
23.7%
The Serpent and the ____Rainbow
14.4%

Today's Daily Dose

Missing Word
3 Word TV Shows

Word Ladder
Olsen Twins

Quick Pick
TLC Shows

You're not logged in!

Compare scores with friends on all Sporcle quizzes.
OR
Log In

Sporcle TV

Today on Sporcle TV


Watch our educational content, quiz creation guides, and fun videos on Sporcle TV.

Show Comments

Extras

Top Quizzes Today


Score Distribution

Paid Content

Your Account Isn't Verified!

In order to create a playlist on Sporcle, you need to verify the email address you used during registration. Go to your Sporcle Settings to finish the process.

Report this User

Report this user for behavior that violates our Community Guidelines.

Details: